[Event "Turkey Cup 2020"]
[Site "Antalya-Belek"]
[Date "2020.02.02"]
[Round "11.102"]
[White "Ozgen, Tolga"]
[Black "Durucay, Ethem"]
[Result "1-0"]
[WhiteElo "1638"]
[BlackElo "1412"]
[Annotator "NA"]
[PlyCount "77"]
[EventDate "2020.01.26"]
[EventType "swiss"]
[EventCountry "TUR"]
[SourceTitle "playchess.com"]
[Source "ChessBase"]
[SourceQuality "1"]

1. e4 d5 2. exd5 Qxd5 3. Nc3 Qa5 4. Bc4 Nf6 5. Nf3 Bg4 6. h3 Bxf3 7. Qxf3 c6 8. d4 e6 9. Bf4 Nbd7 10. O-O Nb6 11. Bd3 Qb4 12. Ne2 Qxb2 13. a4 Qb4 14. a5 Nbd5 15. Rfb1 Qe7 16. Bh2 Qd7 17. c4 Nb4 18. Rb3 Be7 19. Rab1 O-O 20. Rxb4 Bxb4 21. Rxb4 Rfd8 22. Bc2 Qe7 23. c5 Nd5 24. Rb2 Rd7 25. Bd6 Qg5 26. Qd3 g6 27. Ba4 b5 28. axb6 axb6 29. Bxc6 Ra1+ 30. Kh2 Rda7 31. cxb6 Nxb6 32. Rxb6 Qa5 33. Rb8+ Kg7 34. Bf8+ Kf6 35. Rb5 Qc7+ 36. Qg3 Qxg3+ 37. Nxg3 g5 38. Be4 e5 39. Rxe5 1-0